Вероятностно-статистический критерий эффективности настройки токовых релейных защит и методика ее повышения: диссертация на соискание ученой степени кандидата технических наук; спец. 05.14.02

Bibliografske podrobnosti
Glavni avtor: Прутик А. Ф. Алексей Фёдорович
Korporativna značnica: Национальный исследовательский Томский политехнический университет (ТПУ)
Drugi avtorji: Шмойлов А. В. Анатолий Васильевич (научный руководитель)
Izvleček:Защищена 30.05.2012 г.
Jezik:ruščina
Izdano: Томск, 2012
Teme:
Format: Knjiga
KOHA link:https://koha.lib.tpu.ru/cgi-bin/koha/opac-detail.pl?biblionumber=217717

MARC

LEADER 00000nbm0a2200000 4500
001 217717
005 20231101230134.0
035 |a (RuTPU)RU\TPU\book\237719 
035 |a RU\TPU\book\237718 
090 |a 217717 
100 |a 20120607j20120530k y0rusy50 ca 
101 0 |a rus 
102 |a RU 
105 |a a m 001zy 
200 1 |a Вероятностно-статистический критерий эффективности настройки токовых релейных защит и методика ее повышения  |e диссертация на соискание ученой степени кандидата технических наук  |e спец. 05.14.02  |f А. Ф. Прутик  |g Национальный исследовательский Томский политехнический университет (ТПУ) ; науч. рук. А. В. Шмойлов 
210 |a Томск  |d 2012 
215 |a 179 л.  |c ил. 
300 |a Защищена 30.05.2012 г. 
320 |a Библиогр.: с. 163-173 (96 назв.). 
452 1 |0 (RuTPU)RU\TPU\book\344283  |t Вероятностно-статистический критерий эффективности настройки токовых релейных защит и методика ее повышения  |o диссертация на соискание ученой степени кандидата технических наук  |o спец. 05.14.02  |f А. Ф. Прутик  |g Национальный исследовательский Томский политехнический университет (ТПУ) ; науч. рук. А. В. Шмойлов  |c Томск  |d 2012  |a Прутик, Алексей Фёдорович 
606 1 |a Релейная защита в целом  |2 stltpush  |3 (RuTPU)RU\TPU\subj\24926  |9 49192 
610 1 |a токовые релейные защиты 
610 1 |a функционирование 
610 1 |a качество 
610 1 |a оценка 
610 1 |a техническая эффективность 
610 1 |a критерии 
610 1 |a токовые ступенчатые защиты 
610 1 |a диссертации 
610 1 |a труды учёных ТПУ 
675 |a 621.316.925.1(04)  |v 3 
686 |a 05.14.02  |2 oksvnk 
700 1 |a Прутик  |b А. Ф.  |c специалист в области электроэнергетики  |c ассистент Томского политехнического университета  |g Алексей Фёдорович  |2 stltpush  |3 (RuTPU)RU\TPU\pers\26026 
702 1 |a Шмойлов  |b А. В.  |c специалист в области электроэнергетики  |c доцент Томского политехнического университета, кандидат технических наук  |f 1939-  |g Анатолий Васильевич  |2 stltpush  |3 (RuTPU)RU\TPU\pers\26025  |4 727 
712 0 2 |a Национальный исследовательский Томский политехнический университет (ТПУ)  |c (2009- )  |2 stltpush  |3 (RuTPU)RU\TPU\col\15902 
801 1 |a RU  |b 63413507  |c 20120607 
801 2 |a RU  |b 63413507  |c 20160505  |g RCR 
942 |c BK